000 nam a22 7a 4500
999 _c7439
_d7439
008 170901b xxu||||| |||| 00| 0 eng d
020 _a3190013616
100 _aVerlag Max Huber
_93964
245 _aLernzial Deutsch
_bDeutsch als Fremdsprache
260 _aChennai
_bChennai Micro Print
_c1983